Normal view
MARC view
- Law
Entry Topical Term
001 - CONTROL NUMBER
- control field: 37379
003 - CONTROL NUMBER IDENTIFIER
- control field: NUST
005 - DATE AND TIME OF LATEST TRANSACTION
- control field: 20210314130250.0
008 - FIXED-LENGTH DATA ELEMENTS
- fixed length control field: 210314|| aca||aabn | a|a d
040 ## - CATALOGING SOURCE
- Original cataloging agency: NUST
- Transcribing agency: NUST
150 ## - HEADING--TOPICAL TERM
- Topical term or geographic name entry element: Law
- General subdivision: Methodology
670 ## - SOURCE DATA FOUND
- Source citation: Work cat.: (NUST): Freeman, Michael D. A. 37378, Lloyd's introduction to jurisprudence /, 2001.
